1594 1243 1600 1609 1913 1674 1024 1521 1438 1396 1071 1314 1550 1762 1320 1752 1963 1362 1512 1691 1957 1501 1820 1946 1054 1082 1553 1013 1174 1999 1570 1409 1746 1094 1742 1683 1150 1680 1205 1228 1966 1386 1707 1621 1173 1376 1370 1276 1556 1375 1155 1997 1240 1276 1301 1706 1815 1786 1490 1403 1025 1407 1565 1513 1053 1420 1945 1515 1093 1631 1295 1661 1428 1632 1853 1582 1815 1274 1673 1502 1675 1936 1339 1805 1241 1827 1771 1646 1934 1117 1312 1665 1688 1507 1727 1087 1932 1021 1473 BCNSPRNW ULIB Ver.6.0+V

เปลี่ยนเป็นภาษาไทย

Change to English
 แสดงรายละเอียดบรรณานุกรม
  กลับหน้าหลัก

Brief Record : Get Marc (ISO 2709) : E-mail record : QR code < ปิดหน้าต่าง
LEADER : 00000nam 2200000uu 4500
001    13399125752
003     ULIB
008    170830s2560||||th 000 0 tha d
020    ^a9786164401662
060  4 ^aWW290^bว836^d2560
100 0  ^aวีระวัฒน์ คิดดี
245 00 ^aการรักษาต้อหินด้วยเลเซอร์ =^bGlaucoma Laser Treatment /^cวีระวัฒน์ คิดดี
246 31 ^aGlaucoma Laser Treatment
260    ^aสงขลา : ^bภาควิชาจักษุวิทยา คณะแพทยศาสตร์ มหาวิทยาลัยสงขลานครินทร์,^c2560.
300    ^a214 หน้า :^bภาพประกอบ ;^c26 ซม.
500    ^aชื่อเรื่องจากปก
505 0  ^a... การรักษาต้อหินด้วยเลเซอร์ ความรู้พื้นฐานการจำแนกและข้อพิจารณาทางปฎิบัติ (Glaucoma laser treatment basic knowledge classification and practical considerations) ... เลนส์สัมพผัสที่ใช้ในการรักษาต้อหินด้วยเลเซอร์ (Ophthalmic contact lens used in glaucoma laser treatment) ... การรักษาด้วยเลเซอร์ที่ม่านตา (Laser treatment at the iris) ... การรักษาด้วยเลเซอร์ที่ trabecular meshwork (Laser treatment at the trabecular meshwork) ... การรักษาด้วยเลเซอร์ที่ ciliary body (Laser treatment at the ciliary body) ... การรักษาด้วยเลเซอร์หลังผ่าตัดต้อหิน (Laser treatment after glaucome surgery) ... ความปลอดภัยในการใช้เลเซอร์ (Laser safety)
650  2 ^aGlaucoma
650  2 ^aGlaucoma^xsurgery
650  7 ^aต้อหิน
650  7 ^aต้อหิน^xการรักษา
650  7 ^aตา, โรค
650  7 ^aตา^xศัลยกรรม
650  7 ^aต้อหิน^xศัลยกรรม
710 1  ^aมหาวิทยาลัยสงขลานครินทร์.^bคณะแพทยศาสตร์.^bภาควิชาจักษุวิทยา
945    ^p0^l0^i003047
945    ^p0^l0^i003048
945    ^p0^l0^i003049
945    ^p0^l0^i003050
945    ^p0^l0^i003051
945    ^p0^l0^i003052
945    ^p0^l0^i003053
999    ^aประนอม เกษจรัล
รายการนี้ยังไม่มีแท็ก
คุณยังไม่ได้ล็อกอิน คุณสามารถมีกิจกรรมร่วมกับเว็บไซต์ได้ แต่ต้องล็อกอินก่อน ::
  ล็อกอิน

รายการสื่อสารสนเทศ

ลำดับที่ ประเภท เลขเรียก/บาร์โค้ด สถานที่ สถานะ
1. วิทยาศาสตร์การแพทย์ และสุขภาพ
หนังสือสำรอง
สถานะ=หนังสือสำรอง
WW290 ว836 2560 ฉ.1 
  Barcode: 003047
ห้องสมุดวิทยาเขตสวรรค์ประชารักษ์
►หนังสือทั่วไป
บนชั้น
2. วิทยาศาสตร์การแพทย์ และสุขภาพ
วิทยาศาสตร์การแพทย์ และสุขภาพ
WW290 ว836 2560 ฉ.2 
  Barcode: 003048
ห้องสมุดวิทยาเขตสวรรค์ประชารักษ์
►หนังสือทั่วไป
บนชั้น
3. วิทยาศาสตร์การแพทย์ และสุขภาพ
วิทยาศาสตร์การแพทย์ และสุขภาพ
WW290 ว836 2560 ฉ.3 
  Barcode: 003049
ห้องสมุดวิทยาเขตสวรรค์ประชารักษ์
►หนังสือทั่วไป
บนชั้น
4. วิทยาศาสตร์การแพทย์ และสุขภาพ
วิทยาศาสตร์การแพทย์ และสุขภาพ
WW290 ว836 2560 ฉ.4 
  Barcode: 003050
ห้องสมุดวิทยาเขตสวรรค์ประชารักษ์
►หนังสือทั่วไป
บนชั้น
5. วิทยาศาสตร์การแพทย์ และสุขภาพ
วิทยาศาสตร์การแพทย์ และสุขภาพ
WW290 ว836 2560 ฉ.5 
  Barcode: 003051
ห้องสมุดวิทยาเขตสวรรค์ประชารักษ์
►หนังสือทั่วไป
บนชั้น
6. วิทยาศาสตร์การแพทย์ และสุขภาพ
วิทยาศาสตร์การแพทย์ และสุขภาพ
WW290 ว836 2560 ฉ.6 
  Barcode: 003052
ห้องสมุดวิทยาเขตสวรรค์ประชารักษ์
►หนังสือทั่วไป
บนชั้น
7. วิทยาศาสตร์การแพทย์ และสุขภาพ
วิทยาศาสตร์การแพทย์ และสุขภาพ
WW290 ว836 2560 ฉ.7 
  Barcode: 003053
ห้องสมุดวิทยาเขตสวรรค์ประชารักษ์
►หนังสือทั่วไป
บนชั้น

รายการใกล้เคียง
    ผู้แต่ง [วีระวัฒน์ คิดดี]

    หัวเรื่อง [Glaucoma]
    หัวเรื่อง [ต้อหิน]
    หัวเรื่อง [ตา, โรค]

BibComment


ยังไม่เคยถูกคอมเมนท์

คอมเมนท์ทรัพยากรรายการนี้
  คอมเมนท์: การรักษาต้อหินด้..


 Copyright 2026. Bcnsprnw @Library